00621nam a2200193Ia 4500952013300000999001700133003000400150005001700154008004100171020001500212040000900227082001800236100002200254245003600276260005200312300000900364650001200373942004200385 00102ddc40708PHYSICSaMESbMEScPHYd2019-02-20g225.00l0o530.12 BIS/Qp26459r2019-02-20 00:00:00w2019-02-20yBKzGL11R3 c33719d33719OSt20200904115052.0190216s9999||||xx |||||||||||||| ||und|| a8187134178 coclc a530.12bBIS/Q aBiswas, S N94436 0aQuantum Mechanics /cS N Biswas bBooks and Allied Publications,c1999.aKolkata: a465p aPhysics cBK2ddch530.12iBIS/Qk530.12mBIS/Q